<?xml version="1.0" encoding="UTF-8"?>
<record
    xmlns:xsi="http://www.w3.org/2001/XMLSchema-instance"
    xsi:schemaLocation="http://www.loc.gov/MARC21/slim http://www.loc.gov/standards/marcxml/schema/MARC21slim.xsd"
    xmlns="http://www.loc.gov/MARC21/slim">

  <leader>01422cam a2200349 i 4500</leader>
  <controlfield tag="001">zz2003855506</controlfield>
  <controlfield tag="003">NUKAT</controlfield>
  <controlfield tag="005">20260424215836.0</controlfield>
  <controlfield tag="008">031210s1928    pl           |000 0 pol c</controlfield>
  <datafield tag="035" ind1=" " ind2=" ">
    <subfield code="a">(OCoLC)749204168</subfield>
  </datafield>
  <datafield tag="035" ind1=" " ind2=" ">
    <subfield code="a">(NUKAT)zz2003855506</subfield>
  </datafield>
  <datafield tag="040" ind1=" " ind2=" ">
    <subfield code="a">GD U/DC</subfield>
    <subfield code="c">GD U/DC</subfield>
    <subfield code="d">GD U/DC</subfield>
    <subfield code="d">GD U/KMs</subfield>
    <subfield code="d">WA N/ZKjb</subfield>
    <subfield code="d">WA N/RZmgs</subfield>
    <subfield code="d">TOR U/kn</subfield>
    <subfield code="d">WA 14/DG</subfield>
  </datafield>
  <datafield tag="100" ind1="1" ind2=" ">
    <subfield code="a">Rybarski, Roman</subfield>
    <subfield code="d">(1887-1942).</subfield>
    <subfield code="9">1660</subfield>
  </datafield>
  <datafield tag="245" ind1="1" ind2="0">
    <subfield code="a">Handel i polityka handlowa Polski w XVI stuleciu.</subfield>
    <subfield code="n">T. 1,</subfield>
    <subfield code="p">Rozw&#xF3;j handlu i polityki handlowej /</subfield>
    <subfield code="c">Roman Rybarski.</subfield>
  </datafield>
  <datafield tag="246" ind1="3" ind2="0">
    <subfield code="a">Rozw&#xF3;j handlu i polityki handlowej</subfield>
  </datafield>
  <datafield tag="260" ind1=" " ind2=" ">
    <subfield code="a">Pozna&#x144; :</subfield>
    <subfield code="b">Towarzystwo Mi&#x142;o&#x15B;nik&#xF3;w miasta Poznania,</subfield>
    <subfield code="c">1928</subfield>
    <subfield code="e">(Pozna&#x144; :</subfield>
    <subfield code="f">Drukarnia Robotnik&#xF3;w Chrze&#x15B;cija&#x144;skich).</subfield>
  </datafield>
  <datafield tag="300" ind1=" " ind2=" ">
    <subfield code="a">363 s. ;</subfield>
    <subfield code="c">24 cm.</subfield>
  </datafield>
  <datafield tag="336" ind1=" " ind2=" ">
    <subfield code="a">Tekst</subfield>
    <subfield code="b">txt</subfield>
    <subfield code="2">rdacontent</subfield>
  </datafield>
  <datafield tag="337" ind1=" " ind2=" ">
    <subfield code="a">Bez urz&#x105;dzenia po&#x15B;rednicz&#x105;cego</subfield>
    <subfield code="b">n</subfield>
    <subfield code="2">rdamedia</subfield>
  </datafield>
  <datafield tag="338" ind1=" " ind2=" ">
    <subfield code="a">Wolumin</subfield>
    <subfield code="b">nc</subfield>
    <subfield code="2">rdacarrier</subfield>
  </datafield>
  <datafield tag="380" ind1=" " ind2=" ">
    <subfield code="a">Ksi&#x105;&#x17C;ki</subfield>
  </datafield>
  <datafield tag="530" ind1=" " ind2=" ">
    <subfield code="a">Dost&#x119;pny r&#xF3;wnie&#x17C; w formie elektronicznej.</subfield>
  </datafield>
  <datafield tag="648" ind1=" " ind2="7">
    <subfield code="a">1501-1600</subfield>
    <subfield code="2">DBN</subfield>
    <subfield code="9">36032</subfield>
  </datafield>
  <datafield tag="650" ind1=" " ind2="7">
    <subfield code="a">Handel</subfield>
    <subfield code="2">DBN</subfield>
    <subfield code="9">40498</subfield>
  </datafield>
  <datafield tag="651" ind1=" " ind2="7">
    <subfield code="a">Polska</subfield>
    <subfield code="2">DBN</subfield>
    <subfield code="9">35076</subfield>
  </datafield>
  <datafield tag="651" ind1=" " ind2="7">
    <subfield code="a">Polska</subfield>
    <subfield code="x">handel zagraniczny</subfield>
    <subfield code="y">16 w.</subfield>
    <subfield code="2">kaba</subfield>
    <subfield code="9">40499</subfield>
  </datafield>
  <datafield tag="658" ind1=" " ind2=" ">
    <subfield code="a">Gospodarka, ekonomia, finanse</subfield>
  </datafield>
  <datafield tag="710" ind1="2" ind2=" ">
    <subfield code="a">Towarzystwo Mi&#x142;o&#x15B;nik&#xF3;w Miasta Poznania.</subfield>
    <subfield code="4">pbl</subfield>
    <subfield code="9">40500</subfield>
  </datafield>
  <datafield tag="856" ind1="4" ind2="1">
    <subfield code="u">http://kpbc.umk.pl/publication/67855</subfield>
  </datafield>
  <datafield tag="856" ind1="4" ind2="8">
    <subfield code="3">Ok&#x142;adka</subfield>
    <subfield code="u">http://www.nukat.edu.pl/nukat/icov/TORU/zz2003855506.jpg</subfield>
  </datafield>
  <datafield tag="942" ind1=" " ind2=" ">
    <subfield code="2">ddc</subfield>
    <subfield code="c">BK_NM</subfield>
  </datafield>
  <datafield tag="999" ind1=" " ind2=" ">
    <subfield code="c">27755</subfield>
    <subfield code="d">27755</subfield>
  </datafield>
  <datafield tag="952" ind1=" " ind2=" ">
    <subfield code="0">0</subfield>
    <subfield code="1">0</subfield>
    <subfield code="2">ddc</subfield>
    <subfield code="4">0</subfield>
    <subfield code="7">0</subfield>
    <subfield code="8">PBKH</subfield>
    <subfield code="a">BIP</subfield>
    <subfield code="b">PBKH</subfield>
    <subfield code="d">2026-04-24</subfield>
    <subfield code="e">K-69/1965</subfield>
    <subfield code="f">K</subfield>
    <subfield code="i">16404/1</subfield>
    <subfield code="l">0</subfield>
    <subfield code="o">16404/1</subfield>
    <subfield code="p">ipwk16677</subfield>
    <subfield code="r">2026-04-24 21:59:59</subfield>
    <subfield code="w">2026-04-24</subfield>
    <subfield code="y">BK_NM</subfield>
  </datafield>
</record>
